LEADER 01378nam a2200325 i 4500 001 991001982829707536 005 20020507154836.0 008 000711s1992 it ||| | ita 020 $a8820475677 035 $ab11592229-39ule_inst 035 $aLE02728479$9ExL 040 $aDip.to Studi Giuridici$bita 082 0 $a331.03 084 $aLAV-II/E 110 2 $aEuropean foundation for the improvement of living and working conditions$0528848 245 10$aGlossario italiano del lavoro e delle relazioni industriali /$ca cura di Tiziano Treu 260 $aMilano :$bF. Angeli ; Lussemburgo : Ufficio delle pubblicazioni ufficiali delle Comunità europee,$cc1992 300 $axxxvii, 249 p. ;$c22 cm. 500 $aIn testa al front.: Fondazione europea per il miglioramento delle condizioni di vita e di lavoro. 500 $aIn cop.: Fondazione regionale Pietro Seveso. 500 $aSul dorso: 3 650 4$aIndustria$xDizionari 700 1 $aTreu, Tiziano 710 2 $aFondazione regionale Pietro Seveso 907 $a.b11592229$b02-04-14$c02-07-02 912 $a991001982829707536 945 $aLE027 LAV-II/E 3$g1$iLE027CL-1985$lle027$o-$pE0.00$q-$rl$s- $t0$u0$v0$w0$x0$y.i11802509$z02-07-02 996 $aGlossario italiano del lavoro e delle relazioni industriali$9896476 997 $aUNISALENTO 998 $ale027$b01-01-00$cm$da $e-$fita$git $h0$i1 LEADER 02166nas 2200541 c 450 001 9910895136203321 005 20260218112952.0 024 7 $aurn:nbn:de:hbz:6:1-63992 035 $a(CKB)3790000000122396 035 $a(OCoLC)835324115 035 $a(DE-101)1031907637 035 $a(DE-599)ZDB2706219-3 035 $a(DE-599)2706219-3 035 $a(EXLCZ)993790000000122396 100 $a20130304b18931893 |y | 101 0 $ager 135 $aur||||||||||| 181 $ctxt$2rdacontent 182 $cc$2rdamedia 183 $acr$2rdacarrier 200 00$a˜Dieœ bösen 7 neuen Lieder zum ... Stiftungsfeste des Westfälischen Vereins für Vogelschutz-, Geflügel- und Singvögelzucht anläßlich des Historischen Gänse-Essens im großen Saale des Zoologischen Gartens$fgedichtet von der Abendgesellschaft des Zoologischen Gartens 210 31$aMu?nster$d1893-1893 215 $aOnline-Ressource 300 $aGesehen am 04.03.13 517 3 $aProgramm der Festfeier und Theaterzettel. ˜1893œ 606 $aJubiläum$3(DE-588)4129003-3$3https://d-nb.info/gnd/4129003-3$3(DE-101)041290038$2gnd 606 $aJubiläum$3(DE-588)4129003-3$3https://d-nb.info/gnd/4129003-3$3(DE-101)041290038$2gnd 606 $aLied$3(DE-588)4035669-3$3https://d-nb.info/gnd/4035669-3$3(DE-101)040356698$2gnd 608 $aZeitschrift$2gnd-content 608 $aProgrammheft$2gnd-content 608 $aAnthologie$2gnd-content 608 $aProgrammheft$2gnd 608 $aOnline-Publikation$2gnd 608 $aAnthologie$2gnd 608 $aOnline-Publikation$2gnd 615 7$aJubiläum. 615 7$aJubiläum. 615 7$aLied. 676 $a390 676 $a590 712 02$aWestfa?lischer Verein fu?r Vogelschutz, Geflu?gel- und Singvo?gelzucht$4isb 801 0$b0006 801 1$bDE-101 801 2$b0292 906 $aJOURNAL 912 $a9910895136203321 996 $aBo?sen 7 neuen Lieder zum ... Stiftungsfeste des Westfa?lischen Vereins fu?r Vogelschutz-, Geflu?gel- und Singvo?gelzucht anla?ßlich des Historischen Ga?nse-Essens im großen Saale des Zoologischen Gartens$94266751 997 $aUNINA